|
|
|
|
| LEADER |
00000cam a2200000 a 4500 |
| 001 |
vtls001354045 |
| 003 |
SK-MaSNL |
| 005 |
20260301070429.0 |
| 008 |
251104s1967 xr 0 slo |
| 035 |
|
|
|a SNK000307474
|
| 040 |
|
|
|a SNK
|b slo
|c SNK
|e AACR2
|
| 041 |
0 |
|
|a slo
|
| 044 |
|
|
|a xr
|c CZ
|
| 100 |
1 |
|
|a Lackner, Ladislav,
|d 1903-1972
|4 aut
|9 177819
|
| 245 |
1 |
0 |
|a Spievajte s nami
|b cvičebnica pre prípravnú hudobnú výchovu na ľudových školách umenia
|c Ladislav Lackner
|h Hudobnina
|
| 250 |
|
|
|a 7. opravené vydanie
|
| 260 |
|
|
|a Praha
|b Supraphon, gramofónové platne a hudobné vydavateľstvo, n. p.
|c 1967
|e Praha
|b Polygrafia, n. p.;
|
| 300 |
|
|
|a 44, 5 strán
|
| 366 |
|
|
|e 6000 výtlačkov
|
| 500 |
|
|
|a Hudobnina
|
| 852 |
|
|
|a Slovenská národná knižnica v Martine
|b 10000
|h HSE 23
|
| 958 |
|
|
|a OND
|
| 999 |
|
|
|c 634331
|d 636261
|
| 952 |
|
|
|a SNK
|b SNK
|y PREZ
|7 0
|p 17A1004142
|o snkHSE 23
|i snkKSP 4093/67
|3 Rekatalogzácia
|0 0
|1 0
|4 0
|d 2018-04-11
|l 0
|r 2026-02-23 17:33:54
|w 2026-02-23
|
| 952 |
|
|
|a SNK
|b SNK
|y VYP
|7 0
|p 17A1153009
|o snkHSE 23 D1
|i snkKSP 4094/67
|3 Rekatalogizácia
|0 0
|1 0
|4 0
|d 2018-04-11
|l 0
|r 2026-02-23 17:33:54
|w 2026-02-23
|